[Event "Quebec-ch (Women)"]
[Site "Montreal"]
[Date "1995.07.02"]
[Round "9"]
[White "Grigoriu, Ariadna"]
[Black "Charest, Johanne"]
[Result "0-1"]
[WhiteElo "1392"]
[BlackElo "1860"]
[PlyCount "64"]
[EventDate "1995.06.21"]
[EventType "tourn"]
[EventRounds "9"]
[EventCountry "CAN"]
[SourceTitle "EXT 2022"]
[Source "ChessBase"]
[SourceDate "2021.10.06"]
[SourceVersion "1"]
[SourceVersionDate "2021.10.06"]
[SourceQuality "1"]

1. d4 d5 2. c4 e6 3. Nc3 c5 4. Bf4 Nf6 5. e3 Nc6 6. Nf3 Be7 7. Be2 0-0 8. 0-0 b6 9. cxd5 exd5 10. Bb5 Bb7 11. a3 Rc8 12. Rc1 a6 13. Bxc6 Bxc6 14. dxc5 bxc5 15. Bg5 h6 16. Bh4 Rb8 17. Ne5 Ba8 18. Na4 Rc8 19. Qe2 Qa5 20. Qc2 Rfd8 21. Rfd1 Qc7 22. Nd3 c4 23. Nb4 a5 24. Na2 Qb7 25. N2c3 d4 26. f3 dxc3 27. Rxd8+ Rxd8 28. Qxc3 Nd5 29. Qxc4 Nxe3 30. Qf4 Nxg2 31. Kxg2 Bxh4 32. Qxh4 Qxf3+ 0-1

[Event "Quebec-ch (Women)"]
[Site "Montreal"]
[Date "1995.06.23"]
[Round "3"]
[White "Paradis, Francine"]
[Black "Grigoriu, Ariadna"]
[Result "1-0"]
[WhiteElo "1416"]
[BlackElo "1392"]
[PlyCount "85"]
[EventDate "1995.06.21"]
[EventType "tourn"]
[EventRounds "9"]
[EventCountry "CAN"]
[SourceTitle "EXT 2022"]
[Source "ChessBase"]
[SourceDate "2021.10.06"]
[SourceVersion "1"]
[SourceVersionDate "2021.10.06"]
[SourceQuality "1"]

1. d4 d5 2. Nf3 Bg4 3. Nbd2 Nf6 4. e3 e6 5. Be2 Bd6 6. h3 Bh5 7. 0-0 0-0 8. c4 dxc4 9. Nxc4 Nbd7 10. Nxd6 cxd6 11. b3 Re8 12. Nd2 Bxe2 13. Qxe2 d5 14. Bb2 Rc8 15. Rac1 Qa5 16. a3 Qb6 17. b4 a5 18. Bc3 axb4 19. Bxb4 Qa6 20. Qf3 Nb6 21. Rc5 Nc4 22. Nxc4 Rxc5 23. dxc5 Qxc4 24. Qd1 Nd7 25. Qc1 Qb5 26. Qc3 Nb8 27. Ra1 Na6 28. Qd4 Nxb4 29. axb4 h6 30. Ra5 Qc4 31. b5 Rc8 32. b6 f6 33. Qg4 Qxg4 34. hxg4 Kf7 35. Ra7 Rxc5 36. Rxb7+ Kg6 37. Rc7 Rb5 38. b7 f5 39. gxf5+ exf5 40. g3 Kf6 41. Kg2 g6 42. f4 Rb6 43. Rc6+ 1-0